000 00284nam a22001337a 4500
008 170315b xxu||||| |||| 00| 0 eng d
020 _a0023045000
041 _aeng
080 _a591
100 _a7
101 _aSHM
245 _aINSECTS PERSPECTIVE
_cATKINS, M.D
942 _2udc
_cBK
999 _c7804
_d7804